Die Komponistin Anna Teichmüller
| Titel: | Die Komponistin Anna Teichmüller : Ein Recherche-Bericht |
|---|---|
| Verfasser: | |
| In: |
Die imposante Landschaft, (1999), Seite 91-103, Abb. alle Artikel anzeigen |
| Veröffentlicht: | 1999 |
| Format: | Aufsatz |
| Sprache: | Deutsch; Polnisch |
X
alg: 39254491 001A $01999:11-11-16 001B $01999:17-05-21 $t20:34:05.000 001D $01999:11-11-16 001U $0utf8 001X $00 002@ $0Aox 003@ $0392544911 007A $0392544911 $aHEB 007T $0Herdc0067065m 010@ $ager $apol 011@ $a1999 021A $aDie @Komponistin Anna Teichmüller $dEin Recherche-Bericht 027A $aSzkic z badań nad twórczością kompozytorki Anny Teichmüller 028A $aBartsch $dCornelia 031A $h91-103, Abb. $j1999 037A $aDeutscher und polnischer Text 037A $aTekst w języku polskim i niemieckim039B $aIn $8--Aax--. Die @imposante Landschaft. - Berlin {[u.a.] : Gesellschaft für Interregionalen Kulturaustausch {[u.a.], 1999. - 400 S.. - Abb., Kt.. - ISBN 83-907423-3-0 $x199900000000000909 $9395388082 044K $#Klar, Ferdinand $#Hauptmann, Karl $#Hauptmann, Carl Ferdinand Max $#Hauptmann, Carl Ferdinand Maximilian $7118546910 $8Hauptmann, Carl$Z1858-1921 [Tp1] $9086887947 044K $7117253286 $8Teichmüller, Anna$Z1861-1940 [Tp1] $9151071160 045F $a929.094385 $eDDC23BSB 045F/01 $a929 045F/03 $g4385 046B $aParallelt.: Szkic z badań nad twórczością kompozytorki Anny Teichmüller lok: 39254491 78 exp: 39254491 78 1 #EPN 201B/01 $015-01-20 $t22:41:50.000 201U/01 $0utf8 203@/01 $0788642901 208@/01 $a11-11-16 $be 209A/01 $a/ $f000 $x00 220C/01 $aTitelaufnehmer: pg 220C/01 $aHerkunft: HI Marburg 244Z/01 $2Trx $#Silesia $#Śląsk $#Sliezsko $#Slezsko $8--Trx--Schlesien $x01 $9391173987 244Z/01 $#Schreiberhau $73017257-3 $8--Tg1--Szklarska Poręba $x02 $9044083858 244Z/01 $aGeschichte 1861-1940 $x03 244Z/01 $7117253286 $8--Tp1--Teichmüller, Anna$Z1861-1940 $x04 $9151071160 244Z/01 $#Klar, Ferdinand $#Hauptmann, Karl $#Hauptmann, Carl Ferdinand Max $#Hauptmann, Carl Ferdinand Maximilian $7118546910 $8--Tp1--Hauptmann, Carl$Z1858-1921 $x05 $9086887947 244Z/01 $2Trx $#heliloojad $#kompozitoriai $#composers $#zeneszerzök $#kompozytorzy $#skladatelia $#skladatelé $8--Trx--Komponisten $x06 $9391353837 244Z/01 $2Trx $#muusikaõpetajad $#muzikos mokytojai $#music teachers $#zenetanár $#nauczyciele muzyki $#učitelia hudby $#učitelé hudby $8--Trx--Musiklehrer $x07 $9391373412 244Z/01 $2Trx $8--Trx--Einzelbeiträge $x08 $9391384570 245Z/01 $a12.03 $x01 247C/01 $82080>Marburg/Lahn, Herder-Institut, Forschungsbibliothek, Bibliographieportal $9336309341
| LEADER | 00000caa a22000002c 4500 | ||
|---|---|---|---|
| 001 | 392544911 | ||
| 003 | DE-603 | ||
| 005 | 20210517203405.0 | ||
| 007 | tu | ||
| 008 | 161111s1999 xx |||| | u00||u|ger c | ||
| 035 | |a (DE-599)HEB392544911 | ||
| 040 | |a DE-603 |b ger |c DE-603 |d DE-603 | ||
| 041 | |a ger |a pol | ||
| 082 | 0 | 4 | |8 1\u |a 929.094385 |q DE-101 |2 23/BSB |
| 085 | |8 1\u |b 929 | ||
| 085 | |8 1\u |z 2 |s 4385 | ||
| 100 | 1 | |a Bartsch, Cornelia | |
| 245 | 0 | 0 | |a Die Komponistin Anna Teichmüller |b Ein Recherche-Bericht |
| 246 | 0 | 1 | |i Parallelt. |a Szkic z badań nad twórczością kompozytorki Anny Teichmüller |
| 246 | 1 | 3 | |a Szkic z badań nad twórczością kompozytorki Anny Teichmüller |
| 264 | 0 | |c 1999 | |
| 500 | |a Deutscher und polnischer Text | ||
| 500 | |a Tekst w języku polskim i niemieckim <pol> | ||
| 600 | 1 | 7 | |a Hauptmann, Carl |d 1858-1921 |0 (DE-588)118546910 |0 (DE-603)086887947 |2 gnd |
| 600 | 1 | 7 | |a Teichmüller, Anna |d 1861-1940 |0 (DE-588)117253286 |0 (DE-603)151071160 |2 gnd |
| 773 | 0 | 8 | |i In |t Die imposante Landschaft |d Berlin [u.a.] : Gesellschaft für Interregionalen Kulturaustausch [u.a.], 1999 |h 400 S., Abb., Kt. |z 8390742330 |g (1999), Seite 91-103, Abb. |w (DE-603)395388082 |
| 924 | 0 | |9 2080 |a (DE-603)788642901 |b DE-2080 |c HES |d d |g / | |


